Economía socialista mundial no. 1

Λεπτομέρειες βιβλιογραφικής εγγραφής
Συγγραφή απο Οργανισμό/Αρχή: Academia de Ciencias de la Unión Soviética (Instituto de Economía del Sistema Socialista Mundial)
Μορφή: Εργαλειοθήκη
Γλώσσα:Spanish
Σειρά:Serie La Ciencia Económica Soviética
Θέματα:

MARC

LEADER 00000csc a2200000 a 4500
001 85270
005 20231122062600.0
008 000000|1986 ||||||||r|||||||||||spa||
040 |b spa 
041 1 |a spa 
082 0 |a 337 
110 2 |a Academia de Ciencias de la Unión Soviética.  |g URSS  |e Instituto de Economía del Sistema Socialista Mundial  |9 7173 
245 |a Economía socialista mundial  |c Academia de Ciencias de la URSS  |h imp  |n no. 1 
264 |a Moscú  |b Ciencias Sociales Contemporáneas  |c 1986 
300 |a 263 páginas:  |c 20 cm 
490 |a Serie La Ciencia Económica Soviética 
650 |a Economia socialista mundial  |9 301630 
650 |a Cooperacion economica  |9 40480 
650 |a Produccion socialista  |9 301631 
852 |a UC-CDJBV  |c ESTANTERIA CERRADA  |f Compra  |k mariana.feican  |l 1  |m General  |p 00000000  |r 2  |t 85270  |b 0  |d CDRC  |e CDRC  |g 337 ESTANTERIA CERRADA  |z 0000-00-00 
942
999 |c 129854  |d 129854